how well do you know aespa? - Statistics

General Stats
  • This quiz has been taken 31 times
  • The average score is 15 of 20
Answer Stats
Question Answer % Correct
Who is the leader of the group? Karina
100%
When did they debut, and which song did they debut with? November 17, 2020 + Black Mamba
100%
What company are they under? SM Entertainment
96%
What is aespa's official fandom name? MY
93%
Who is the maknae (youngest) of the group? Ningning
93%
Which other K-pop girl group did they collaborate with, and on which song? Red Velvet + Beautiful Christmas
93%
Which member is Japanese-Korean? Giselle
89%
Who is the oldest of the group? Karina
89%
What does "æ" mean? Avatar x Experience
86%
Which K-pop idol do people think Winter looks like? Girl's Generation (SNSD)'s Taeyeon
86%
In which universe do their æ avatars exist? KWANGYA: The Digital Universe
82%
What is the name of their first reality show? aespa's Synk Road
68%
What is Winter's zodiac sign? Capricorn
68%
Who trained for 4 years and featured in Taemin's "Want" music video? Karina
68%
What is Ningning's representative color? Purple
64%
What was the name of their first global concert tour? Synk: Hyper Link
57%
Which member was part of the SM Rookies? Ningning
54%
What is Giselle's representative animal? Unicorn
46%
Where was Giselle born? Garosu-gil
36%
When did they make their Coachella debut April 23, 2022
21%
No matching quizzes found
Score Distribution
Percent of People with Each Score
Percentile by Number Answered
Your Score History
You have not taken this quiz